C'est aussi un prénom - Statistiques

Statistiques générales
  • Ce quiz a été pris 205 fois
  • Le résultat moyen est 9 sur 14
Statistiques - réponses
Hint Réponse % Correct
Habitant de Rome Romain
100%
Caillou ou Roche Pierre
98%
Statuette pour un acteur Oscar
91%
Couleur ou fleur Rose
91%
La Jordanie en Anglais Jordan
88%
Fruit préféré de Steve Jobs Pomme
87%
Fruit rouge avec un noyau Cerise
76%
T-Shirt sans manche Marcel
73%
Couleur ou fleur Violette
66%
Pantalon en coton Jean
43%
Adjectif pour quelqu’un qui pardonne facilement Clément
40%
Commune de Meurthe-et-Moselle Nancy
18%
Jeune scoute Jeannette
13%
Voiture à pédale Rosalie
8%
Aucun quiz correspondant
Distribution des résultats
% des personnes avec chaque résultat
Percentile par nombre de réponses
Votre historique - résultats
Vous n’avez pas pris ce quiz